Ładuje się......
Hindi bhasha ka ithihas/
| 1. autor: | |
|---|---|
| Format: | Printed Book |
| Wydane: |
Allahabad:
Hindustani Academy,
|
| LEADER | 00353 a2200109 4500 | ||
|---|---|---|---|
| 100 | |a Dheerendra Sharma | ||
| 245 | |a Hindi bhasha ka ithihas/ |c Dheerendra Sharma | ||
| 260 | |a Allahabad: |b Hindustani Academy, | ||
| 300 | |a 334p. | ||
| 942 | |2 ddc |c BK | ||
| 999 | |c 237915 |d 237915 | ||
| 952 | |0 0 |1 0 |4 0 |7 0 |9 264173 |a HIN |b HIN |c S-1 |d 2011-06-20 |i 7621 |l 0 |p HIN7621 |r 2011-06-20 |w 2014-02-07 |y BK | ||